| 000 | 00814na a2200277 4500 | ||
|---|---|---|---|
| 001 | 15539 | ||
| 003 | MIRAKIL | ||
| 005 | 20181213154928.0 | ||
| 008 | 161019b tu 000 0 | ||
| 020 | _a9786056441608 | ||
| 035 | _a15539 | ||
| 040 |
_aMilas _btur _cTR-AnCHP |
||
| 041 | _atur | ||
| 082 |
_a956.1023 Kubilay,M.F. _bÖ93k 2013 |
||
| 090 | _a956.1023 Kubilay,M.F. Ö93k 2013 | ||
| 100 | _aÖzengin, Oktay | ||
| 245 |
_aKubilay olayı tarihi _b40 gün _cOktay Özengin |
||
| 246 | _a40 gün | ||
| 260 |
_aİzmir _b[yay.y.] _c2013 _fAta Matbaacılık |
||
| 300 |
_a352 s. _bres. _c24 sm. |
||
| 600 |
_aKubilay, Mustafa Fehmi _d1906 - 1930 |
||
| 650 |
_aSiyasal tarih _zTürkiye |
||
| 650 |
_aYıkıcı faaliyetler _xMenemen olayı _zTürkiye |
||
| 650 |
_aMenemen olayı _xTarih |
||
| 942 |
_2ddc _cBKS |
||
| 999 |
_c3326 _d3326 |
||